| 000 | 00577nam a2200205 a 4500 | ||
|---|---|---|---|
| 005 | 20240316063801.0 | ||
| 008 | 051005s2000 mx r 000 0 spa d | ||
| 020 | _a8401013518 | ||
| 035 | _aUPN01000140522 | ||
| 049 | _aCG | ||
| 050 | 4 |
_aBL51 _bT7.6 |
|
| 100 | 1 |
_aTrías, Eugenio, _d1942-2013 _940479 |
|
| 245 | 1 | 0 |
_aPor qué necesitamos la religión / _cEugenio Trías. |
| 260 |
_aBarcelona, Esp. : _bPlaza & Janés, _c2000. |
||
| 300 | _a147 p. | ||
| 440 | 0 | _aCírculo cuadrado | |
| 650 | 0 |
_aReligión _xFilosofía _97889 |
|
| 650 | 4 |
_aFilosofía _95327 |
|
| 905 | _aLibro | ||
| 999 |
_c112670 _d112670 |
||